| 000 | 00475nam a2200169Ia 4500 | ||
|---|---|---|---|
| 005 | 20250508153521.0 | ||
| 008 | 008 250505s9999 xx 000 0 eng d | ||
| 037 | _aTextual | ||
| 040 |
_aFEDL _beng _cFEDL |
||
| 041 |
_aeng _2eng |
||
| 084 |
_a370, UNE _qFEDL |
||
| 245 | 0 | _aBuilding peace in the minds of men | |
| 260 |
_aDobbs Ferry _bDobbs Ferry Oceana Publications, Inc. _c1962 |
||
| 300 | _a48p | ||
| 942 |
_cTEXL _h370, UNE |
||
| 999 |
_c1343442 _d1343442 |
||